[Event "RA-2022-0-00717"]
[Site "LSS email"]
[Date "2022.12.10"]
[Round "?"]
[White "Mateka, Petr"]
[Black "Langheld, Werner"]
[Result "1-0"]
[WhiteElo "2140"]
[BlackElo "2051"]
[PlyCount "45"]
[EventDate "2022.08.10"]
[EventType "tourn (corr)"]
[EventRounds "6"]
[EventCountry "GER"]
[SourceTitle "Corr 2024"]
[Source "ChessBase"]
[SourceDate "2023.10.19"]
[SourceVersion "1"]
[SourceVersionDate "2023.10.19"]
[SourceQuality "1"]

1. e4 d5 2. exd5 Qxd5 3. Nc3 Qa5 4. d4 Nf6 5. Nf3 Bf5 6. Ne5 c6 7. Bc4 e6 8. g4 Bg6 9. h4 Nbd7 10. Nxd7 Nxd7 11. h5 Be4 12. 0-0 Bd5 13. Nxd5 cxd5 14. Bd3 Bd6 15. Bd2 Qb6 16. c3 g6 17. a4 Bc7 18. h6 0-0 19. f4 Qxb2 20. a5 Nf6 21. Re1 Ne4 22. Rxe4 dxe4 23. Bc4 1-0

[Event "RA-2022-0-00717"]
[Site "LSS email"]
[Date "2022.12.10"]
[Round "?"]
[White "Nowak, Ireneusz"]
[Black "Mateka, Petr"]
[Result "1/2-1/2"]
[WhiteElo "1999"]
[BlackElo "2140"]
[PlyCount "62"]
[EventDate "2022.08.10"]
[EventType "tourn (corr)"]
[EventRounds "6"]
[EventCountry "GER"]
[SourceTitle "Corr 2024"]
[Source "ChessBase"]
[SourceDate "2023.10.19"]
[SourceVersion "1"]
[SourceVersionDate "2023.10.19"]
[SourceQuality "1"]

1. e4 c5 2. Nf3 d6 3. d4 cxd4 4. Nxd4 Nf6 5. Nc3 a6 6. Bg5 e6 7. f4 Qb6 8. Qd2 Qxb2 9. Rb1 Qa3 10. e5 h6 11. Bh4 dxe5 12. fxe5 g5 13. Bg3 Nh5 14. Ne4 Qxa2 15. Rb3 Qa1+ 16. Kf2 Nd7 17. Rc3 Be7 18. h4 b6 19. hxg5 Nxg3 20. Kxg3 Bb7 21. Nf6+ Bxf6 22. exf6 Qa5 23. Qe3 Nc5 24. Rh4 Ne4+ 25. Rxe4 Bxe4 26. Kf2 hxg5 27. Qxe4 Qxc3 28. Qxa8+ Kd7 29. Qb7+ Kd6 30. Qe7+ Kd5 31. Nf3 Qc5+ 1/2-1/2

[Event "LSS SA-2021-0-00769"]
[Site "LSS email"]
[Date "2021.08.23"]
[Round "?"]
[White "Csernus, Robert"]
[Black "Mateka, Petr"]
[Result "1/2-1/2"]
[WhiteElo "2056"]
[BlackElo "2000"]
[PlyCount "35"]
[EventDate "2021.07.27"]
[EventType "tourn (corr)"]
[EventRounds "6"]
[EventCountry "GER"]
[SourceTitle "Corr 2024"]
[Source "ChessBase"]
[SourceDate "2023.10.19"]
[SourceVersion "1"]
[SourceVersionDate "2023.10.19"]
[SourceQuality "1"]

1. Nf3 Nf6 2. g3 d5 3. Bg2 c5 4. 0-0 Nc6 5. c4 d4 6. e3 e5 7. d3 Be7 8. exd4 exd4 9. Bf4 0-0 10. Ne5 Nxe5 11. Bxe5 Bg4 12. Bf3 Bxf3 13. Qxf3 Nd7 14. Re1 Re8 15. Nd2 Bg5 16. Bf4 Bxf4 17. Qxf4 Qf6 18. Qxf6 1/2-1/2

[Event "LSS SA-2021-0-00769"]
[Site "LSS email"]
[Date "2021.08.23"]
[Round "?"]
[White "Mateka, Petr"]
[Black "Van Bommel, Ton"]
[Result "1/2-1/2"]
[WhiteElo "2000"]
[BlackElo "2101"]
[PlyCount "43"]
[EventDate "2021.07.27"]
[EventType "tourn (corr)"]
[EventRounds "6"]
[EventCountry "GER"]
[SourceTitle "Corr 2024"]
[Source "ChessBase"]
[SourceDate "2023.10.19"]
[SourceVersion "1"]
[SourceVersionDate "2023.10.19"]
[SourceQuality "1"]

1. d4 d5 2. c4 e6 3. Nf3 c6 4. Nc3 Nf6 5. g3 dxc4 6. Bg2 b5 7. Ne5 a6 8. a4 Bb7 9. 0-0 Be7 10. axb5 axb5 11. Rxa8 Bxa8 12. Nxb5 cxb5 13. Bxa8 0-0 14. Bg2 Qc7 15. Bd2 Bd6 16. f4 Qa7 17. e3 Nd5 18. Qa1 Qc7 19. Qa8 Bxe5 20. fxe5 Nc6 21. Qa3 b4 22. Qa2 1/2-1/2

[Event "SB-2021-0-00615"]
[Site "LSS email"]
[Date "2021.06.05"]
[Round "?"]
[White "Csaba, Fodor"]
[Black "Mateka, Petr"]
[Result "1/2-1/2"]
[WhiteElo "1928"]
[BlackElo "1957"]
[PlyCount "84"]
[EventDate "2021.03.14"]
[EventType "tourn (corr)"]
[EventRounds "6"]
[EventCountry "GER"]
[SourceTitle "Corr 2024"]
[Source "ChessBase"]
[SourceDate "2023.10.19"]
[SourceVersion "1"]
[SourceVersionDate "2023.10.19"]
[SourceQuality "1"]

1. d4 Nf6 2. Nf3 e6 3. c4 Bb4+ 4. Nbd2 0-0 5. e3 d5 6. a3 Be7 7. Bd3 c5 8. b3 cxd4 9. exd4 b6 10. Bb2 Bb7 11. 0-0 dxc4 12. bxc4 Nbd7 13. a4 Qc7 14. h3 Rfd8 15. Re1 Bb4 16. Re3 Bd6 17. Bf1 Rac8 18. Qb3 Bf4 19. Ree1 Nb8 20. a5 bxa5 21. Qc3 Bd6 22. c5 Bd5 23. Rxa5 Bf4 24. Ra4 Nc6 25. Qa3 Rb8 26. Bc3 Qe7 27. Qa1 h6 28. Bc4 Qc7 29. Ra6 Rdc8 30. Bf1 Rb7 31. Ra4 Ra8 32. Ba6 Rbb8 33. Qa3 Qd8 34. Qa1 Bc7 35. Qd1 Ne7 36. Ra3 Nc6 37. Qa4 Nh5 38. g3 Nf6 39. Rea1 Qe8 40. Ne1 e5 41. dxe5 Bxe5 42. Bxe5 Qxe5 1/2-1/2

[Event "SB-2021-0-00612"]
[Site "LSS email"]
[Date "2021.03.21"]
[Round "?"]
[White "Csaba, Fodor"]
[Black "Mateka, Petr"]
[Result "1/2-1/2"]
[WhiteElo "1921"]
[BlackElo "1927"]
[PlyCount "106"]
[EventDate "2021.01.31"]
[EventType "tourn (corr)"]
[EventRounds "6"]
[EventCountry "GER"]
[SourceTitle "Corr 2024"]
[Source "ChessBase"]
[SourceDate "2023.10.19"]
[SourceVersion "1"]
[SourceVersionDate "2023.10.19"]
[SourceQuality "1"]

1. e4 e5 2. Nf3 Nf6 3. Nxe5 d6 4. Nf3 Nxe4 5. Nc3 Nxc3 6. dxc3 Be7 7. Be3 0-0 8. Qd2 Re8 9. 0-0-0 Nc6 10. Kb1 Bf5 11. Bd3 Qd7 12. h3 Bxd3 13. Qxd3 Bf8 14. Ng5 g6 15. Bc1 Ne5 16. Qf1 h6 17. Ne4 Qe6 18. Nd2 Nd7 19. Nb3 c5 20. g4 a5 21. a4 Qe4 22. c4 Nb6 23. Nd2 Qe2 24. b3 d5 25. Qxe2 Rxe2 26. cxd5 Nxd5 27. Bb2 Bg7 28. Nc4 Bxb2 29. Rxd5 Bd4 30. Rf1 Bxf2 31. c3 Rae8 32. Rc1 Be3 33. Rc2 Re1+ 34. Ka2 Re7 35. Nxa5 Rh1 36. Re2 Rxh3 37. Nc4 Bg5 38. Rxe7 Bxe7 39. a5 Rxc3 40. Rd7 Bf6 41. Ka3 Rc1 42. Ka4 h5 43. gxh5 gxh5 44. Rxb7 Kg7 45. Rd7 Ra1+ 46. Kb5 Bd4 47. a6 h4 48. a7 h3 49. Na5 h2 50. a8Q h1Q 51. Qxh1 Rxh1 52. Nb7 Rb1 53. Nxc5 Bxc5 1/2-1/2

[Event "SB-2021-0-00612"]
[Site "LSS email"]
[Date "2021.03.21"]
[Round "?"]
[White "Mateka, Petr"]
[Black "Dworok, Mecislav"]
[Result "1/2-1/2"]
[WhiteElo "1927"]
[BlackElo "1844"]
[PlyCount "77"]
[EventDate "2021.01.31"]
[EventType "tourn (corr)"]
[EventRounds "6"]
[EventCountry "GER"]
[SourceTitle "Corr 2024"]
[Source "ChessBase"]
[SourceDate "2023.10.19"]
[SourceVersion "1"]
[SourceVersionDate "2023.10.19"]
[SourceQuality "1"]

1. e4 e5 2. Nf3 Nc6 3. Bb5 Nf6 4. d3 Bc5 5. c3 0-0 6. 0-0 d6 7. Nbd2 a6 8. Bxc6 bxc6 9. d4 exd4 10. cxd4 Bb6 11. Qc2 Re8 12. e5 dxe5 13. dxe5 Nd5 14. Qxc6 Rb8 15. Nc4 Bb7 16. Qa4 Bc5 17. Rd1 Qe7 18. Qc2 h6 19. b3 Rbd8 20. Bd2 Nb6 21. Bf4 Nxc4 22. Qxc4 Bb6 23. Bg3 a5 24. h4 Bc8 25. Nd4 Bxd4 26. Rxd4 Be6 27. Qa4 Rxd4 28. Qxd4 Qa3 29. Bf4 c5 30. Qd2 a4 31. Qa5 Qb2 32. Rc1 Rb8 33. Qd2 Qxd2 34. Bxd2 axb3 35. axb3 Rxb3 36. Rxc5 Rb1+ 37. Bc1 h5 38. f3 Kh7 39. Kf2 1/2-1/2

[Event "SB-2021-0-00609"]
[Site "LSS email"]
[Date "2021.02.16"]
[Round "?"]
[White "Mateka, Petr"]
[Black "Wernitz, Helmut"]
[Result "1/2-1/2"]
[WhiteElo "1917"]
[BlackElo "1961"]
[PlyCount "48"]
[EventDate "2021.01.10"]
[EventType "tourn (corr)"]
[EventRounds "6"]
[EventCountry "GER"]
[SourceTitle "Corr 2024"]
[Source "ChessBase"]
[SourceDate "2023.10.19"]
[SourceVersion "1"]
[SourceVersionDate "2023.10.19"]
[SourceQuality "1"]

1. d4 Nf6 2. c4 g6 3. Nc3 Bg7 4. e4 d6 5. f3 0-0 6. Be3 c5 7. Nge2 Nc6 8. d5 Ne5 9. Ng3 e6 10. Be2 b5 11. Nxb5 exd5 12. cxd5 Rb8 13. 0-0 a6 14. Na3 Rxb2 15. Bd2 h5 16. Qc1 Rb8 17. Bh6 Rb4 18. Nc2 Ra4 19. Bxg7 Kxg7 20. Qg5 Qa5 21. f4 Nxe4 22. Nxh5+ Kh7 23. Nf6+ Kg7 24. Nh5+ Kh7 1/2-1/2

[Event "SB-2021-0-00609"]
[Site "LSS email"]
[Date "2021.02.15"]
[Round "?"]
[White "Schubert, Steffen"]
[Black "Mateka, Petr"]
[Result "1/2-1/2"]
[WhiteElo "1947"]
[BlackElo "1917"]
[PlyCount "45"]
[EventDate "2021.01.10"]
[EventType "tourn (corr)"]
[EventRounds "6"]
[EventCountry "GER"]
[SourceTitle "Corr 2024"]
[Source "ChessBase"]
[SourceDate "2023.10.19"]
[SourceVersion "1"]
[SourceVersionDate "2023.10.19"]
[SourceQuality "1"]

1. e4 e5 2. Nf3 Nf6 3. Nxe5 d6 4. Nf3 Nxe4 5. d4 d5 6. Bd3 Nc6 7. 0-0 Be7 8. c4 Nb4 9. Be2 0-0 10. Nc3 Bf5 11. a3 Nxc3 12. bxc3 Nc6 13. cxd5 Qxd5 14. Bf4 Rac8 15. Bd3 Rfe8 16. Re1 Qd7 17. Be2 Bd6 18. Bg3 Na5 19. Nh4 Be6 20. Bxd6 Qxd6 21. Qa4 b6 22. Bg4 g6 23. Bxe6 1/2-1/2

[Event "SB-2021-0-00608"]
[Site "LSS email"]
[Date "2021.01.25"]
[Round "?"]
[White "Mateka, Petr"]
[Black "Cruz Ramirez, Eliecer"]
[Result "1-0"]
[WhiteElo "1917"]
[BlackElo "1811"]
[PlyCount "129"]
[EventDate "2020.11.28"]
[EventType "tourn (corr)"]
[EventRounds "6"]
[EventCountry "GER"]
[SourceTitle "Corr 2024"]
[Source "ChessBase"]
[SourceDate "2023.10.19"]
[SourceVersion "1"]
[SourceVersionDate "2023.10.19"]
[SourceQuality "1"]

1. d4 Nf6 2. c4 e6 3. Nf3 d5 4. g3 Be7 5. Bg2 0-0 6. 0-0 dxc4 7. Qc2 b5 8. a4 b4 9. Nfd2 c6 10. Nxc4 Qxd4 11. Rd1 Qc5 12. Be3 Qh5 13. Nbd2 Ng4 14. Nf3 Nxe3 15. Nxe3 a5 16. Nd4 Ba6 17. Rac1 Ra7 18. Bf3 Qe5 19. Ng4 Qc7 20. Bxc6 h5 21. Ne3 Rc8 22. Qe4 Bf6 23. Nb5 Bxb5 24. Bxb5 Qxc1 25. Rxc1 Rxc1+ 26. Kg2 Rcc7 27. Nc4 Nd7 28. Qf4 Be7 29. Bxd7 Rxd7 30. Qe5 Rac7 31. Nb6 Rd6 32. Qxa5 Rc2 33. Qb5 Bf8 34. a5 Rxb2 35. Nc4 Rd5 36. Qxd5 exd5 37. Nxb2 Bc5 38. Nd3 b3 39. Kf1 Kf8 40. a6 Ke7 41. Ke1 Kd6 42. Kd2 Ba7 43. Kc3 Kc6 44. Kxb3 Kb5 45. e3 Kxa6 46. Ne5 f6 47. Nd3 Bb8 48. Kc3 Kb5 49. Kd4 Kc6 50. Nb4+ Kd7 51. Kxd5 g6 52. Nc6 Bc7 53. Nd4 Ke7 54. e4 g5 55. Ne6 Bb8 56. h3 Kf7 57. Nd8+ Kg6 58. Nc6 Bc7 59. Ke6 Kg7 60. Ne7 Be5 61. Kf5 Bc3 62. Nd5 Ba1 63. f4 gxf4 64. gxf4 Bb2 65. e5 1-0

[Event "SB-2021-0-00608"]
[Site "LSS email"]
[Date "2021.01.24"]
[Round "?"]
[White "Krabbenbos, Jan"]
[Black "Mateka, Petr"]
[Result "1/2-1/2"]
[WhiteElo "1978"]
[BlackElo "1917"]
[PlyCount "34"]
[EventDate "2020.11.28"]
[EventType "tourn (corr)"]
[EventRounds "6"]
[EventCountry "GER"]
[SourceTitle "Corr 2024"]
[Source "ChessBase"]
[SourceDate "2023.10.19"]
[SourceVersion "1"]
[SourceVersionDate "2023.10.19"]
[SourceQuality "1"]

1. e4 e5 2. Nf3 Nf6 3. Nxe5 d6 4. Nf3 Nxe4 5. d4 d5 6. Bd3 Nc6 7. 0-0 Be7 8. c4 Nb4 9. Re1 Nxd3 10. Qxd3 c6 11. Nc3 Nxc3 12. Qxc3 0-0 13. c5 Re8 14. Bf4 Bf5 15. Re3 Qd7 16. Rae1 Bf8 17. Rxe8 Rxe8 1/2-1/2